000 00506nam a22001697a 4500
005 20231027130324.0
008 231027b |||||||| |||| 00| 0 eng d
020 _a9780409049046
041 _aEnglish
082 _a347.7 PRE
100 _aPretorius, JP
_lEnglish
245 _aCross-Examination In South African Law /
_cJP Pretorius
260 _aDurban :
_bLexisNexis,
_c1997
300 _bxiv, 422 pages ;
_c25 cm.
650 _aLegal practice
_bLaw
942 _cBK
_6ALISON_BN_VRIES
999 _c120
_d120